000 00528nam a22001817a 4500
005 20251108165158.0
008 250721s1996 xx 000 0 ara d
082 1 4 _a818.02/علي
100 1 _aبن أبي طالب، علي
245 1 0 _aحكم و آداب /
264 1 _aبيروت :
_bدار ابن حزم،
_c1996.
300 _a87ص
650 1 7 _aالأدب العربي
650 1 7 _aالحكم (الأمثال)
700 1 _aيوسف، محمد خير رمضان
_eتحقيق
942 _2ddc
_cBK
999 _c21412
_d21412